Kontroly v systéme podvojného účtovníctva (úvod do problematiky)

Právna úprava účtovníctva. Účtovné sústavy a kto v nich môže účtovať. Sústava jednoduchého účtovníctva. Charakteristika podvojného účtovníctva u podnikateľov. Kontrolná funkcia a kontrolný systém podvojného účtovníctva. Metodické prostriedky a technika kontroly v podvojnom účtovníctve.

Na minha lista:
Detalhes bibliográficos
Autor principal: Bartošová, Viera
Formato: Capítulo de Livro
Idioma:eslovaco
Assuntos:
Tags: Adicionar Tag
Sem tags, seja o primeiro a adicionar uma tag!

MARC

LEADER 00000naa a2200000 4500
001 0235793
005 20220805075324.5
041 0 |a slo 
044 |a SK 
245 1 0 |a Kontroly v systéme podvojného účtovníctva (úvod do problematiky)  |c Viera Bartošová 
520 |a Právna úprava účtovníctva. Účtovné sústavy a kto v nich môže účtovať. Sústava jednoduchého účtovníctva. Charakteristika podvojného účtovníctva u podnikateľov. Kontrolná funkcia a kontrolný systém podvojného účtovníctva. Metodické prostriedky a technika kontroly v podvojnom účtovníctve. 
610 2 0 |a účtovníctvo jednoduché 
610 2 0 |a účtovníctvo podvojné 
610 2 0 |a kontrola 
610 2 0 |a výkazy účtovné 
610 2 0 |a podnikatelia 
610 2 0 |a osoby fyzické 
610 2 0 |a osoby právnické 
610 2 0 |a legislatíva 
100 1 |a Bartošová, Viera